000
00381nam a22001457a 4500
005
20251108165549.0
008
250721s1991 xx 000 0 ara d
082
1
4
_a
ط/210/منة
245
1
0
_a
منهاج المسلم الصغير /
264
1
_a
القاهرة :
_b
شركة سفير،
_c
1991.
300
_a
3ج
650
1
7
_a
الإسلام
942
_2
ddc
_c
BK
999
_c
30888
_d
30888